| 000 | 00934nam a2200253 a 4500 | ||
|---|---|---|---|
| 001 | BRCA_9160 | ||
| 005 | 20190320210536.0 | ||
| 008 | 031018s2014----mx-a######---#000-0#spa-# | ||
| 020 | _a9786077805083 | ||
| 041 | _aspa | ||
| 044 | _amx | ||
| 050 | 4 |
_aNC1002.C3 _b.C35 2014 |
|
| 245 | 1 | 0 |
_aCalendarios mexicanos = Mexican Calendars _ccoordinación y cuidado de la edición Héctor Palhares Meza, Minerva Mogollán García ; traducción Gregory Dechant … [et al.]. |
| 260 |
_aMéxico _bMuseo Soumaya : Fundación Carlos Slim _cc2014 |
||
| 300 |
_a357 p. _bil. (principalmente a color) _c28 cm. |
||
| 546 | _aTexto en : español e inglés | ||
| 610 | 2 | 4 |
_aMuseo Soumaya (Ciudad de México) _93354 |
| 650 | 1 | 4 |
_aCalendario _xArte _zMéxico _922594 |
| 700 | 1 |
_aPalhares Meza, Héctor _922595 |
|
| 700 | 1 |
_aMogollán García, Minerva _922596 |
|
| 700 | 1 |
_aDechant, Gregory _etr. _98727 |
|
| 740 | 0 | _aMexican Calendars | |
| 942 |
_2lcc _cB |
||
| 999 |
_c8807 _d8807 |
||